000 00361nam a2200133Ia 4500
008 240624s9999 xx 000 0 und d
041 _aeng
082 _a332.6327 BOG
100 _aBOGLE JOHN C
245 _aCOMMON SENSE ON MUTUAL FUNDS NEW IMPERAT
260 _c1999
_aNew Jersey
_bJohn Wiley and Sons
300 _axxi, : 468 : p. : cm. ; 22
365 _c
_b27
999 _c15488
_d15488